000 00621nam a2200229Ia 4500
003 OSt
005 20250625112127.0
008 210423s2010 xx 000 0 und d
020 _a9788132106463
040 _cAL
041 _aeng
082 _a001.42
_223
_bOLEE
100 _aO'LEARY (Zina)
_987057
245 _aEssential guide to doing your research project
260 _aLos Angeles
_bSage Publications
_c2010
300 _ax,308
_bPB
365 _b450
_cINR
650 _aGeneral
_987058
650 _aResearch
_987059
906 _adoing ; Essential ; guide ; project. ; research ; your
942 _2ddc
_cBK
999 _c159609
_d159609